[Event "HEM B-Turnier"]
[Site "Frankfurt-Zeilsheim"]
[Date "2018.05.10"]
[Round "1.17"]
[White "Kirchner, Konrad"]
[Black "Azizov, Fariz"]
[Result "1-0"]
[WhiteElo "1698"]
[BlackElo "1593"]
[PlyCount "43"]
[EventDate "2018.??.??"]
[EventType "swiss"]
[EventRounds "7"]
[EventCountry "GER"]
[WhiteTeam "SC Ehrenberg"]
[BlackTeam "Kasseler SK"]

1. e4 e5 2. Nf3 Nc6 3. Bc4 Bc5 4. c3 Nf6 5. d4 exd4 6. cxd4 Bb4+ 7. Bd2 Bxd2+
8. Nbxd2 d5 9. exd5 Nxd5 10. O-O O-O 11. Bb5 Bf5 12. Bxc6 bxc6 13. Ne5 Ne7 14.
Nb3 f6 15. Nd3 Bxd3 16. Qxd3 Qd5 17. Rac1 Qd6 18. Rfe1 a5 19. Qc4+ Rf7 20. Re6
Qd8 21. Rce1 Kf8 22. Qc5 1-0

[Event "HEM B-Turnier"]
[Site "Frankfurt-Zeilsheim"]
[Date "2018.05.10"]
[Round "1.18"]
[White "Masoudi, Kian"]
[Black "Meyer, Marcel"]
[Result "1/2-1/2"]
[WhiteElo "1584"]
[BlackElo "1759"]
[PlyCount "101"]
[EventDate "2018.??.??"]
[EventType "swiss"]
[EventRounds "7"]
[EventCountry "GER"]
[WhiteTeam "SC Bergen-Enkheim"]
[BlackTeam "SC Herborn"]

1. e4 c6 2. Nf3 d5 3. Nc3 dxe4 4. Nxe4 Bg4 5. Ng3 Nf6 6. h3 Bxf3 7. Qxf3 Nbd7
8. d4 e6 9. c3 Qb6 10. a4 c5 11. dxc5 Bxc5 12. a5 Qb3 13. Be2 O-O 14. Bd1 Qd5
15. O-O Rfd8 16. Qxd5 Nxd5 17. Bf3 Ne5 18. Bxd5 Rxd5 19. Ne4 Be7 20. f4 Nd3 21.
c4 Rd4 22. Rd1 Rad8 23. Nc3 Rxc4 24. Ra4 Rxa4 25. Nxa4 Rd4 26. Be3 Rd8 27. Bxa7
Nxf4 28. Rxd8+ Bxd8 29. Bb6 Bxb6+ 30. Nxb6 Kf8 31. Nc8 Ke8 32. Nd6+ Kd7 33.
Nxb7 Kc7 34. Nc5 Kc6 35. b4 Kb5 36. Kf2 Nd5 37. Nd3 f6 38. Kf3 Kc4 39. Nf4 Nc7
40. Nh5 Kxb4 41. Nxg7 Kxa5 42. g4 Kb5 43. Ke4 Kc5 44. Nh5 Nd5 45. Nxf6 Nxf6+
46. Ke5 Nd5 47. Kxe6 Nf4+ 48. Kf6 Nxh3 49. g5 Nxg5 50. Kxg5 h6+ 51. Kxh6
1/2-1/2

[Event "HEM B-Turnier"]
[Site "Frankfurt-Zeilsheim"]
[Date "2018.05.10"]
[Round "1.19"]
[White "Hoelss, Manuel"]
[Black "Strache, Rolf"]
[Result "1-0"]
[WhiteElo "1757"]
[BlackElo "1558"]
[PlyCount "57"]
[EventDate "2018.??.??"]
[EventType "swiss"]
[EventRounds "7"]
[EventCountry "GER"]
[WhiteTeam "SSG Hungen-Lich"]
[BlackTeam "SK Herborn"]

1. e4 c5 2. d4 cxd4 3. c3 dxc3 4. Nxc3 Nc6 5. Bc4 e6 6. a3 a6 7. Be3 b5 8. Ba2
Bb7 9. Nf3 Be7 10. e5 Qc7 11. Bf4 h6 12. Ne4 g5 13. Nd6+ Bxd6 14. exd6 Qd8 15.
Bd2 Nf6 16. Bc3 Rg8 17. Ne5 Nxe5 18. Bxe5 Bxg2 19. Rg1 Bc6 20. Qd4 Nd5 21.
O-O-O Rc8 22. Bxd5 Bxd5+ 23. Kb1 Rc4 24. Qa7 Qc8 25. Rc1 Be4+ 26. Ka2 Rxc1 27.
Rxc1 Bc6 28. Rxc6 Qd8 29. Bf6 1-0

[Event "HEM B-Turnier"]
[Site "Frankfurt-Zeilsheim"]
[Date "2018.05.10"]
[Round "1.20"]
[White "El Lawindy, Asem"]
[Black "Zerhusen, Martin"]
[Result "0-1"]
[WhiteElo "1521"]
[BlackElo "1744"]
[PlyCount "106"]
[EventDate "2018.??.??"]
[EventType "swiss"]
[EventRounds "7"]
[EventCountry "GER"]
[WhiteTeam "VSG Offenbach"]
[BlackTeam "SV Oberursel"]

1. e4 c5 2. Nf3 Nc6 3. d4 cxd4 4. Nxd4 d6 5. Nc3 Bd7 6. Be3 a6 7. Be2 Nf6 8.
O-O g6 9. Qd2 Bg7 10. f3 O-O 11. Nxc6 Bxc6 12. Bh6 Bxh6 13. Qxh6 Qb6+ 14. Kh1
Qxb2 15. Qd2 Qb4 16. Rfd1 Qc5 17. Nd5 Bxd5 18. exd5 b5 19. Rab1 Rfc8 20. Rbc1
Qc3 21. Qg5 Kg7 22. Rd3 Qa5 23. Qe3 Qd8 24. Rd2 Rc5 25. Qb3 Rac8 26. c4 Qc7 27.
Qa3 a5 28. Rd4 Nxd5 29. g4 b4 30. Qb2 Nc3 31. a3 Nxe2 32. Qxe2 Re5 33. Qb2 Qb7
34. Rd5 f6 35. Kg2 Rxd5 36. cxd5 Rxc1 37. Qxc1 Qxd5 38. axb4 axb4 39. Qe1 Qb7
40. Qb1 b3 41. Qb2 Qb4 42. g5 Qc4 43. gxf6+ exf6 44. Kg3 Qd5 45. Kg2 h5 46. h4
Qc4 47. Kg3 d5 48. Qa3 Qc7+ 49. Kh3 Qb7 50. Qb2 d4 51. Kg3 d3 52. Kf2 Qb6+ 53.
Ke1 Qg1+ 0-1

[Event "HEM B-Turnier"]
[Site "Frankfurt-Zeilsheim"]
[Date "2018.05.10"]
[Round "1.21"]
[White "Bjoerknes, Uwe"]
[Black "Mongi, Mario"]
[Result "1-0"]
[WhiteElo "1734"]
[BlackElo "1518"]
[PlyCount "39"]
[EventDate "2018.??.??"]
[EventType "swiss"]
[EventRounds "7"]
[EventCountry "GER"]
[WhiteTeam "SK Bad Homburg"]
[BlackTeam "SC Sulzbach"]

1. e4 c5 2. Nf3 Nc6 3. c4 g6 4. d4 cxd4 5. Nxd4 Bg7 6. Be3 Nf6 7. Nc3 O-O 8.
Be2 Qc7 9. O-O a6 10. Rc1 d6 11. Kh1 Bd7 12. f3 h6 13. Qd2 Kh7 14. Rfd1 Rad8
15. Nd5 Qa5 16. Qxa5 Nxa5 17. Nxe7 Rfe8 18. Nd5 Nxd5 19. cxd5 b5 20. b4 1-0

[Event "HEM B-Turnier"]
[Site "Frankfurt-Zeilsheim"]
[Date "2018.05.10"]
[Round "1.22"]
[White "Graef, Jakob"]
[Black "Will, Steffen"]
[Result "1/2-1/2"]
[WhiteElo "1468"]
[BlackElo "1723"]
[PlyCount "60"]
[EventDate "2018.??.??"]
[EventType "swiss"]
[EventRounds "7"]
[EventCountry "GER"]
[WhiteTeam "SV Frankfurt Nord"]
[BlackTeam "SC Bad Nauheim"]

1. e4 c5 2. c3 d6 3. d4 cxd4 4. cxd4 Nc6 5. Nf3 g6 6. Bc4 e6 7. O-O Bg7 8. Nc3
Nge7 9. Bf4 O-O 10. Qd2 d5 11. exd5 exd5 12. Bb3 Bg4 13. Ne5 Be6 14. Rfe1 Nf5
15. Nxc6 bxc6 16. Be5 Bh6 17. Bf4 Bg7 18. Be5 Qh4 19. Bxg7 Kxg7 20. Ne2 Nd6 21.
Ng3 Nb5 22. Rad1 Rfe8 23. a4 Nd6 24. Qb4 Nc4 25. Bxc4 dxc4 26. Qc3 Bd5 27. f3
f5 28. Re5 Rxe5 29. dxe5 Kg8 30. Qa5 Qd8 1/2-1/2

[Event "HEM B-Turnier"]
[Site "Frankfurt-Zeilsheim"]
[Date "2018.05.10"]
[Round "2.1"]
[White "Kirchner, Konrad"]
[Black "Ahrends, Norbert"]
[Result "0-1"]
[WhiteElo "1698"]
[BlackElo "1999"]
[PlyCount "118"]
[EventDate "2018.??.??"]
[EventType "swiss"]
[EventRounds "7"]
[EventCountry "GER"]
[WhiteTeam "SC Ehrenberg"]
[BlackTeam "SV Groß-Gerau"]

1. e4 c5 2. Nf3 d6 3. d4 cxd4 4. Nxd4 Nf6 5. Nc3 a6 6. Be2 e6 7. O-O Be7 8. Be3
O-O 9. a4 b6 10. Bf3 Nfd7 11. g3 Bb7 12. Bg2 Nc6 13. Nce2 Qc7 14. Nxc6 Bxc6 15.
Nd4 Bb7 16. c3 Rad8 17. Qc2 Ne5 18. f4 Nc4 19. Bf2 d5 20. e5 Bc5 21. Rae1 Na5
22. Qd3 Nc6 23. Nxc6 Qxc6 24. Ra1 a5 25. Bd4 Ra8 26. Rfd1 Ba6 27. Qc2 Rfc8 28.
Bf1 g6 29. Bxa6 Rxa6 30. Qd3 Ra7 31. Kg2 Rac7 32. Rdc1 Qb7 33. Rd1 Bxd4 34.
Qxd4 Rc4 35. Qf2 Qc6 36. Rd4 b5 37. axb5 Qxb5 38. Rxc4 Rxc4 39. Rd1 a4 40. Qc2
Qc5 41. Rd3 d4 42. Qd2 a3 43. Rxd4 Rxd4 44. cxd4 Qd5+ 45. Kh3 a2 46. Qe1 Kg7
47. Qa1 Qb3 48. Kg4 h5+ 49. Kh3 Kh6 50. Qc1 Qd3 51. f5+ g5 52. Qc8 Qxf5+ 53.
Kg2 Kg7 54. Qc1 g4 55. b4 Qe4+ 56. Kf2 Qxd4+ 57. Kg2 a1=Q 58. Qg5+ Kf8 59. Qh6+
Ke8 0-1

[Event "HEM B-Turnier"]
[Site "Frankfurt-Zeilsheim"]
[Date "2018.05.10"]
[Round "2.2"]
[White "Zerhusen, Martin"]
[Black "Winter, Lars"]
[Result "0-1"]
[WhiteElo "1744"]
[BlackElo "1891"]
[PlyCount "56"]
[EventDate "2018.??.??"]
[EventType "swiss"]
[EventRounds "7"]
[EventCountry "GER"]
[WhiteTeam "SV Oberursel"]
[BlackTeam "SV Fechenheim"]

1. d4 d5 2. c4 c6 3. Nf3 Nf6 4. Bf4 dxc4 5. e3 b5 6. Nc3 e6 7. a4 Bb4 8. axb5
cxb5 9. Bxb8 Rxb8 10. Rxa7 Qb6 11. Ra1 Bb7 12. Be2 O-O 13. O-O Ra8 14. Qc2 Ra5
15. Nd2 Rfa8 16. Rxa5 Qxa5 17. Ndb1 Bxc3 18. Nxc3 b4 19. Nd1 b3 20. Qc1 Rc8 21.
Nc3 Ne4 22. Nxe4 Bxe4 23. f3 Bc2 24. Bd1 Bxd1 25. Qxd1 c3 26. bxc3 Qxc3 27. Re1
b2 28. h3 Qxe1+ 0-1

[Event "HEM B-Turnier"]
[Site "Frankfurt-Zeilsheim"]
[Date "2018.05.10"]
[Round "2.3"]
[White "Varma, Christopher"]
[Black "Hoelss, Manuel"]
[Result "1-0"]
[WhiteElo "1811"]
[BlackElo "1757"]
[PlyCount "99"]
[EventDate "2018.??.??"]
[EventType "swiss"]
[EventRounds "7"]
[EventCountry "GER"]
[WhiteTeam "SC Bad Nauheim"]
[BlackTeam "SSG Hungen-Lich"]

1. e4 Nf6 2. e5 Nd5 3. d4 d6 4. c4 Nb6 5. exd6 exd6 6. Nc3 Nc6 7. h3 Bf5 8. Be3
Be7 9. Nf3 O-O 10. Bd3 Bxd3 11. Qxd3 Nb4 12. Qe2 d5 13. a3 Nc6 14. b3 dxc4 15.
bxc4 Na5 16. Nd2 Re8 17. O-O Bf6 18. Qd3 Nc6 19. Nf3 Qd7 20. Rab1 Ne5 21. Nxe5
Rxe5 22. Rfd1 Ra5 23. Ne4 Be7 24. Rb3 Qa4 25. Bd2 Ra6 26. Nc5 Bxc5 27. dxc5 Nd7
28. Be3 Ne5 29. Qd8+ Qe8 30. Qxc7 Rc6 31. Qxb7 Nxc4 32. Rd7 Na5 33. Qb5 Nxb3
34. Qxc6 Rc8 35. Qd5 Na5 36. Rxa7 Rd8 37. Qf3 Nc4 38. c6 Ne5 39. Qe4 Nxc6 40.
Qxe8+ Rxe8 41. Ra6 Ne5 42. a4 f6 43. a5 Nc4 44. Bf4 Re7 45. Ra8+ Kf7 46. a6 Nb6
47. Rb8 Nd5 48. Rb7 Ke6 49. Be3 Nxe3 50. Rxe7+ 1-0

[Event "HEM B-Turnier"]
[Site "Frankfurt-Zeilsheim"]
[Date "2018.05.10"]
[Round "2.4"]
[White "Klowski, Bjoern Sigurd"]
[Black "Diehl, Stefan"]
[Result "1/2-1/2"]
[WhiteElo "1681"]
[BlackElo "1812"]
[PlyCount "66"]
[EventDate "2018.??.??"]
[EventType "swiss"]
[EventRounds "7"]
[EventCountry "GER"]
[WhiteTeam "SC Eschbon 1974"]
[BlackTeam "SC Höchst"]

1. e4 d5 2. exd5 Qxd5 3. Nc3 Qa5 4. d4 Nf6 5. Nf3 Bf5 6. Bd2 c6 7. Bc4 e6 8.
Qe2 Be7 9. O-O-O Qc7 10. Nh4 Bg6 11. Nxg6 hxg6 12. h4 Nbd7 13. g3 O-O-O 14. Bg5
Nb6 15. Bb3 Nbd5 16. Qf3 Nxc3 17. Qxc3 Rh5 18. Bf4 Bd6 19. Bxd6 Qxd6 20. Rhe1
Rf5 21. f4 Rh5 22. Re5 Qc7 23. Rxh5 Nxh5 24. Rd3 Nf6 25. Qc5 b6 26. Qe5 Nh5 27.
c3 Nf6 28. Qxc7+ Kxc7 29. Bd1 c5 30. Kc2 cxd4 31. cxd4 Kd6 32. Bf3 Nd5 33. a3
Rc8+ 1/2-1/2

[Event "HEM B-Turnier"]
[Site "Frankfurt-Zeilsheim"]
[Date "2018.05.10"]
[Round "2.5"]
[White "Ross, Norbert"]
[Black "Bjoerknes, Uwe"]
[Result "0-1"]
[WhiteElo "1804"]
[BlackElo "1734"]
[PlyCount "108"]
[EventDate "2018.??.??"]
[EventType "swiss"]
[EventRounds "7"]
[EventCountry "GER"]
[WhiteTeam "SV Oberursel"]
[BlackTeam "SK Bad Homburg"]

1. d4 Nf6 2. c4 g6 3. Nc3 d5 4. Nf3 Bg7 5. Qb3 c6 6. cxd5 cxd5 7. Bg5 e6 8. e3
O-O 9. Bd3 h6 10. Bh4 Nc6 11. O-O Na5 12. Qc2 Bd7 13. Qe2 Rc8 14. Ne5 g5 15.
Bg3 Nc6 16. Rac1 Nxe5 17. Bxe5 Nh7 18. Bxg7 Kxg7 19. f4 f5 20. g4 fxg4 21. Bxh7
Kxh7 22. Qxg4 gxf4 23. Qe2 Qg5+ 24. Kh1 fxe3 25. Rg1 Qf4 26. Qd3+ Qf5 27. Qxe3
Qf3+ 28. Qxf3 Rxf3 29. Ne2 Bc6 30. Ng3 e5 31. Nh5 Rf5 32. Ng7 Rf2 33. Ne6 Rf6
34. Ng7 Rf7 35. Nh5 Rcf8 36. Rce1 exd4 37. h4 d3 38. Rd1 Rf2 39. Rg7+ Kh8 40.
Rxd3 d4+ 41. Kg1 Rf1+ 42. Kh2 R8f2+ 43. Kh3 Rh1+ 44. Kg3 Rg2+ 45. Kf4 Rxh4+ 46.
Ke5 Rxh5+ 47. Kf6 Rf2+ 48. Ke7 Kxg7 49. Rxd4 Re5+ 50. Kd6 Rd5+ 51. Rxd5 Bxd5
52. Kxd5 h5 53. Ke4 h4 54. Ke3 Rf8 0-1

[Event "HEM B-Turnier"]
[Site "Frankfurt-Zeilsheim"]
[Date "2018.05.10"]
[Round "2.6"]
[White "Mohr, Justus"]
[Black "Alkayas, Shadi"]
[Result "0-1"]
[WhiteElo "1641"]
[BlackElo "1635"]
[PlyCount "110"]
[EventDate "2018.??.??"]
[EventType "swiss"]
[EventRounds "7"]
[EventCountry "GER"]
[WhiteTeam "SC FK Babenhausen"]
[BlackTeam "SK Marburg"]

1. e4 e5 2. Nf3 Nc6 3. d4 d5 4. dxe5 dxe4 5. Qxd8+ Nxd8 6. Nd4 Bc5 7. Be3 Bxd4
8. Bxd4 Ne6 9. Be3 Ne7 10. Nc3 Ng6 11. O-O-O Nxe5 12. Nxe4 b6 13. g3 Bb7 14.
Bg2 Ke7 15. Rhg1 Rad8 16. Rde1 f5 17. Ng5 Bxg2 18. Rxg2 Rd6 19. Bf4 Nxg5 20.
Bxg5+ Kf7 21. Rxe5 h6 22. Bf4 Kf6 23. Re3 Rd5 24. Bxc7 Rc8 25. Bf4 g5 26. Bxg5+
hxg5 27. Rg1 Rcd8 28. Rge1 R8d6 29. Re7 g4 30. Rxa7 Rd2 31. Rf1 Re2 32. Ra6 Ke5
33. Ra8 Ke4 34. Re8+ Kf3 35. Re3+ Rxe3 36. fxe3+ Ke2 37. Rh1 Kxe3 38. h3 Rh6
39. h4 Kf2 40. Kd2 Kxg3 41. Rf1 f4 42. Kd3 Rxh4 43. Ke4 f3 44. Ke3 Rh2 45. c4
Re2+ 46. Kd3 Rxb2 47. a4 Kg2 48. Rd1 f2 49. Ke3 f1=Q 50. Rxf1 Kxf1 51. Kf4 Rb4
52. a5 Rxc4+ 53. Kg3 bxa5 54. Kh2 Rc3 55. Kh1 Rh3# 0-1

[Event "HEM B-Turnier"]
[Site "Frankfurt-Zeilsheim"]
[Date "2018.05.10"]
[Round "2.7"]
[White "Zalewski, Ulrich"]
[Black "Weber, Andreas"]
[Result "1/2-1/2"]
[WhiteElo "1788"]
[BlackElo "1718"]
[PlyCount "77"]
[EventDate "2018.??.??"]
[EventType "swiss"]
[EventRounds "7"]
[EventCountry "GER"]
[WhiteTeam "Biebertaler SF"]
[BlackTeam "SC Flörsheim"]

1. e4 e5 2. Nf3 Nc6 3. Bb5 a6 4. Ba4 Nf6 5. O-O Be7 6. Re1 b5 7. Bb3 O-O 8. a4
b4 9. c3 d6 10. d4 exd4 11. Nxd4 Nxd4 12. cxd4 Bb7 13. f3 Rc8 14. Nd2 c5 15. d5
Kh8 16. Nc4 Nd7 17. Bf4 Nb6 18. Rc1 Nxc4 19. Bxc4 Bg5 20. Qd2 Bxf4 21. Qxf4 Qf6
22. Qxf6 gxf6 23. g4 Rg8 24. Kf2 Rce8 25. Rg1 Bc8 26. Rg3 Re5 27. Rcg1 Rg7 28.
b3 h5 29. h3 h4 30. R3g2 Kg8 31. Bd3 Kf8 32. f4 Re8 33. f5 Rg5 34. Kf3 a5 35.
Bb5 Re5 36. Rc1 Bb7 37. Rgc2 Ke7 38. Rd1 Kd8 39. Rdc1 1/2-1/2

[Event "HEM B-Turnier"]
[Site "Frankfurt-Zeilsheim"]
[Date "2018.05.10"]
[Round "2.8"]
[White "Wilke, Tabea"]
[Black "Faysal, Wasim"]
[Result "1-0"]
[WhiteElo "1773"]
[BlackElo "1703"]
[PlyCount "49"]
[EventDate "2018.??.??"]
[EventType "swiss"]
[EventRounds "7"]
[EventCountry "GER"]
[WhiteTeam "SC Hattersheim"]
[BlackTeam "Biebertaler SF"]

1. e4 c5 2. Nc3 Nc6 3. Bb5 g6 4. f4 Bg7 5. Bxc6 bxc6 6. Nf3 d6 7. O-O e6 8. Qe1
Ne7 9. d3 O-O 10. Qh4 f5 11. e5 Nd5 12. Qh3 Nb4 13. Rf2 Nd5 14. Ne2 Qc7 15. d4
cxd4 16. Nexd4 Re8 17. Re2 h6 18. Qg3 dxe5 19. Nxe5 Bxe5 20. Qxg6+ Kf8 21. fxe5
Ba6 22. Bxh6+ Ke7 23. Qxe6+ Kd8 24. Bg5+ Re7 25. Nxc6+ 1-0

[Event "HEM B-Turnier"]
[Site "Frankfurt-Zeilsheim"]
[Date "2018.05.10"]
[Round "2.9"]
[White "Menz, Florian"]
[Black "Rabiya, Karim"]
[Result "0-1"]
[WhiteElo "1457"]
[BlackElo "1643"]
[PlyCount "44"]
[EventDate "2018.??.??"]
[EventType "swiss"]
[EventRounds "7"]
[EventCountry "GER"]
[WhiteTeam "SC Ehrenberg"]
[BlackTeam "SK Niederbrechen"]

1. e4 Nf6 2. Nc3 d6 3. Bc4 c6 4. d3 b5 5. Bb3 a5 6. a3 e5 7. Nge2 Na6 8. O-O
Be7 9. f4 Bg4 10. Qe1 Nc5 11. Ba2 b4 12. Nd1 Rb8 13. Ne3 b3 14. cxb3 Qb6 15.
Qd2 Be6 16. Nc4 Bxc4 17. bxc4 Nb3+ 18. Qe3 Nxc1 19. Qxb6 Nxe2+ 20. Kf2 Rxb6 21.
Kxe2 Rxb2+ 22. Kf3 O-O 0-1

[Event "HEM B-Turnier"]
[Site "Frankfurt-Zeilsheim"]
[Date "2018.05.10"]
[Round "2.10"]
[White "Bergmann, Michael"]
[Black "Wachsmann, Elmar"]
[Result "1-0"]
[WhiteElo "1847"]
[BlackElo "1618"]
[PlyCount "51"]
[EventDate "2018.??.??"]
[EventType "swiss"]
[EventRounds "7"]
[EventCountry "GER"]
[WhiteTeam "SF Frankfurt"]
[BlackTeam "SC Groß-Umstadt"]

1. e4 e5 2. Nf3 Nc6 3. Bb5 a6 4. Ba4 Nf6 5. O-O Be7 6. Re1 b5 7. Bb3 O-O 8. a4
b4 9. d3 d6 10. h3 Bb7 11. a5 Nb8 12. Nbd2 Nbd7 13. c3 bxc3 14. bxc3 c5 15. Nc4
Qc7 16. Ne3 Rfe8 17. Nf5 g6 18. Nh6+ Kg7 19. Nxf7 d5 20. N7g5 Bf8 21. exd5 Nxd5
22. Bxd5 Bxd5 23. Qa4 h6 24. Ne4 Kh7 25. Qxd7+ Qxd7 26. Nf6+ 1-0

[Event "HEM B-Turnier"]
[Site "Frankfurt-Zeilsheim"]
[Date "2018.05.10"]
[Round "2.11"]
[White "Will, Steffen"]
[Black "Lehnert, Michael"]
[Result "0-1"]
[WhiteElo "1723"]
[BlackElo "1858"]
[PlyCount "70"]
[EventDate "2018.??.??"]
[EventType "swiss"]
[EventRounds "7"]
[EventCountry "GER"]
[WhiteTeam "SC Bad Nauheim"]
[BlackTeam "SK Niederbrechen"]

1. e4 d5 2. exd5 Qxd5 3. Nc3 Qa5 4. d4 c6 5. Nf3 Bg4 6. Bc4 e6 7. Bd2 Qb6 8. h3
Bxf3 9. Qxf3 Qxd4 10. O-O-O Qxc4 11. Qg3 Na6 12. Rhe1 Nf6 13. f4 O-O-O 14. Kb1
Nc7 15. b3 Qa6 16. Na4 b5 17. Nc3 Ncd5 18. Qf3 Nxc3+ 19. Bxc3 Nd5 20. Bb2 Bb4
21. c3 Ba5 22. Rc1 Nc7 23. f5 Qb7 24. fxe6 Nxe6 25. Qf5 Rd7 26. Qg4 Rhd8 27.
Rf1 Kb8 28. c4 Bd2 29. Rcd1 Bh6 30. cxb5 cxb5 31. g3 Ka8 32. Bc3 Rxd1+ 33. Rxd1
Rxd1+ 34. Qxd1 b4 35. Be5 Qe4+ 0-1

[Event "HEM B-Turnier"]
[Site "Frankfurt-Zeilsheim"]
[Date "2018.05.10"]
[Round "2.12"]
[White "Meyer, Marcel"]
[Black "Lopez, Victor"]
[Result "0-1"]
[WhiteElo "1759"]
[BlackElo "1689"]
[PlyCount "72"]
[EventDate "2018.??.??"]
[EventType "swiss"]
[EventRounds "7"]
[EventCountry "GER"]
[WhiteTeam "SC Herborn"]
[BlackTeam "SC Höchst"]

1. d4 d5 2. c4 e6 3. Nc3 Nf6 4. cxd5 exd5 5. Bg5 c6 6. e3 Be6 7. Nge2 Nbd7 8.
Nf4 Bf5 9. Nd3 Be7 10. Be2 O-O 11. O-O Re8 12. h3 Ne4 13. Bxe7 Qxe7 14. g4 Bg6
15. Nf4 Ndf6 16. Nxg6 hxg6 17. Bd3 Qd6 18. a3 g5 19. Qc2 g6 20. b4 Kg7 21. Nxe4
Nxe4 22. Bxe4 Rxe4 23. Qc5 Qe6 24. Kg2 Rxg4+ 25. Kf3 Rh4 26. b5 Rxh3+ 27. Ke2
cxb5 28. Qxb5 Rb8 29. Rac1 a6 30. Qb3 Rhh8 31. Rc5 Rhd8 32. Rfc1 b5 33. Qc3 Rd6
34. Rc7 Qg4+ 35. Ke1 Rf6 36. Qc2 Qg1+ 0-1

[Event "HEM B-Turnier"]
[Site "Frankfurt-Zeilsheim"]
[Date "2018.05.10"]
[Round "2.13"]
[White "Schneider, Kevin"]
[Black "Masoudi, Kian"]
[Result "1-0"]
[WhiteElo "1699"]
[BlackElo "1584"]
[PlyCount "49"]
[EventDate "2018.??.??"]
[EventType "swiss"]
[EventRounds "7"]
[EventCountry "GER"]
[WhiteTeam "SC Breuberg"]
[BlackTeam "SC Bergen-Enkheim"]

1. e4 e5 2. Nf3 Nc6 3. Bc4 Nf6 4. d3 Be7 5. c3 d6 6. Bb3 O-O 7. Nbd2 Be6 8. Bc2
d5 9. Qe2 d4 10. O-O Bg4 11. h3 Be6 12. Re1 h6 13. Nf1 Nh7 14. Ng3 Bg5 15. Nxg5
Nxg5 16. f4 exf4 17. Bxf4 b5 18. Qh5 f6 19. Nf5 Bxf5 20. exf5 Ne7 21. Bxg5 fxg5
22. Bb3+ Kh8 23. Re6 Nxf5 24. Rf1 Ng3 25. Rxh6+ 1-0

[Event "HEM B-Turnier"]
[Site "Frankfurt-Zeilsheim"]
[Date "2018.05.10"]
[Round "2.14"]
[White "Muenstermann, Matthias"]
[Black "Graef, Jakob"]
[Result "1/2-1/2"]
[WhiteElo "1891"]
[BlackElo "1468"]
[PlyCount "120"]
[EventDate "2018.??.??"]
[EventType "swiss"]
[EventRounds "7"]
[EventCountry "GER"]
[WhiteTeam "SK Langen"]
[BlackTeam "SV Frankfurt Nord"]

1. d4 c6 2. e4 d5 3. exd5 cxd5 4. c4 Nf6 5. Nc3 e6 6. Nf3 Bb4 7. Bd3 O-O 8. O-O
Nc6 9. Bg5 h6 10. Bh4 Be7 11. c5 Bd7 12. Re1 Qa5 13. a3 Qc7 14. Bg3 Qd8 15. b4
b6 16. b5 Na5 17. c6 Bc8 18. Ne5 Bd6 19. Qc2 a6 20. a4 Qc7 21. bxa6 Bxa6 22.
Bxa6 Rxa6 23. Nb5 Qd8 24. Nxd6 Qxd6 25. Nd7 Qxc6 26. Qxc6 Nxc6 27. Nxf8 Kxf8
28. Red1 Ne4 29. Rac1 Na5 30. Re1 Nb3 31. Rc8+ Ke7 32. f3 Nxg3 33. hxg3 Rxa4
34. Rb1 Nxd4 35. Rxb6 Ne2+ 36. Kf2 Nd4 37. Rc7+ Kf6 38. Rbb7 Ra2+ 39. Kg1 Ra1+
40. Kh2 Ra2 41. Rxf7+ Ke5 42. Kh3 g5 43. Rbd7 Ra1 44. Kg4 Nf5 45. f4+ gxf4 46.
gxf4+ Kd4 47. Rxf5 exf5+ 48. Kxf5 Ra6 49. g4 Kc5 50. Ke5 Rg6 51. Rxd5+ Kc6 52.
Rd2 Rxg4 53. Rd6+ Kc7 54. Rxh6 Kd7 55. Kf5 Rg8 56. Rh7+ Ke8 57. Ke5 Rg6 58. f5
Ra6 59. Kf4 Kf8 60. Kg5 Rb6 1/2-1/2

[Event "HEM B-Turnier"]
[Site "Frankfurt-Zeilsheim"]
[Date "2018.05.10"]
[Round "2.15"]
[White "Vollbrecht, Christoph"]
[Black "Baitinger, Viktor"]
[Result "1/2-1/2"]
[WhiteElo "1879"]
[BlackElo "1646"]
[PlyCount "76"]
[EventDate "2018.??.??"]
[EventType "swiss"]
[EventRounds "7"]
[EventCountry "GER"]
[WhiteTeam "SSG Rödermark/Eppertshausen"]
[BlackTeam "SF Anderssen Wetzlar"]

1. e4 c5 2. f4 Nc6 3. Nf3 e6 4. Nc3 Nge7 5. Be2 g6 6. d4 cxd4 7. Nxd4 Bg7 8.
Ndb5 O-O 9. Qd6 b6 10. Be3 Bb7 11. O-O-O a6 12. Nc7 Nc8 13. Qxd7 Qxd7 14. Rxd7
Ra7 15. Na4 Ba8 16. Nxa8 Rxd7 17. N8xb6 Nxb6 18. Nxb6 Ra7 19. Rd1 Rb8 20. b3
Bd4 21. Bxd4 Nxd4 22. Rxd4 Rxb6 23. a4 a5 24. Rd8+ Kg7 25. Bb5 Kf6 26. Kd2 e5
27. g3 exf4 28. gxf4 h6 29. c4 g5 30. c5 Re6 31. Ke3 Rae7 32. Rd4 gxf4+ 33.
Kxf4 Re5 34. c6 Rh5 35. Rd6+ Re6 36. Rd5 Rh4+ 37. Kf3 Rexe4 38. c7 Rhf4+
1/2-1/2

[Event "HEM B-Turnier"]
[Site "Frankfurt-Zeilsheim"]
[Date "2018.05.10"]
[Round "2.16"]
[White "Krist, Stephan"]
[Black "John, Volkmar"]
[Result "1-0"]
[WhiteElo "1620"]
[BlackElo "1777"]
[PlyCount "73"]
[EventDate "2018.??.??"]
[EventType "swiss"]
[EventRounds "7"]
[EventCountry "GER"]
[WhiteTeam "SVG Lauterbach"]
[BlackTeam "SK Herborn"]

1. e4 c5 2. Nf3 d6 3. d4 cxd4 4. Nxd4 Nf6 5. Nc3 a6 6. Be2 e5 7. Nb3 Be7 8. Be3
Be6 9. O-O O-O 10. f4 Qc7 11. f5 Bc4 12. Bxc4 Qxc4 13. Qf3 b5 14. a3 Rd8 15.
Rfd1 Nbd7 16. Nd2 Qc6 17. Nf1 Nb6 18. Bxb6 Qxb6+ 19. Kh1 Rac8 20. Ne3 Qb7 21.
g4 h6 22. Rd2 Rc5 23. Rad1 Rdc8 24. Qg2 b4 25. axb4 Qxb4 26. Ncd5 Nxd5 27. Nxd5
Qb6 28. c3 Bg5 29. Rf2 a5 30. f6 Bxf6 31. Nxf6+ gxf6 32. Rxf6 Rb5 33. Rd2 Rb8
34. g5 h5 35. g6 fxg6 36. Rxg6+ Kh7 37. Rdxd6 1-0

[Event "HEM B-Turnier"]
[Site "Frankfurt-Zeilsheim"]
[Date "2018.05.10"]
[Round "2.17"]
[White "Haftmann, Rainer"]
[Black "Gruber, Reiner"]
[Result "1/2-1/2"]
[WhiteElo "1766"]
[BlackElo "1644"]
[PlyCount "151"]
[EventDate "2018.??.??"]
[EventType "swiss"]
[EventRounds "7"]
[EventCountry "GER"]
[WhiteTeam "SG Dietzenbach"]
[BlackTeam "SK Dieburg"]

1. e4 e5 2. Nf3 Nf6 3. Nc3 Nc6 4. Bb5 d6 5. h3 Bd7 6. O-O Be7 7. d3 O-O 8. Bg5
a6 9. Ba4 b5 10. Bb3 Na5 11. Bxf6 Bxf6 12. Nd5 Nxb3 13. axb3 Be6 14. Nxf6+ Qxf6
15. Nh2 Qg5 16. Qc1 Qg6 17. Qe3 f5 18. exf5 Rxf5 19. f4 Bd5 20. g4 Rxf4 21.
Rxf4 exf4 22. Qxf4 Rf8 23. Qd4 Qe6 24. Rf1 Re8 25. c4 Bc6 26. Qf4 Qe3+ 27. Qf2
h6 28. d4 bxc4 29. bxc4 Qd3 30. d5 Ba4 31. Qf7+ Kh8 32. Qf4 Qc2 33. Rf2 Qd3 34.
Kg2 Qe4+ 35. Kg3 Bb3 36. h4 Bxc4 37. Qxe4 Rxe4 38. Rf7 Bxd5 39. Rxc7 Bc4 40. g5
hxg5 41. hxg5 Kh7 42. Rc6 d5 43. g6+ Kh6 44. Ng4+ Kg5 45. Nf2 Re3+ 46. Kg2 Rb3
47. Nd1 Rd3 48. Nf2 Rd2 49. b3 Bb5 50. Rd6 d4 51. Kg3 Rb2 52. Nh3+ Kf5 53. Rxd4
Rxb3+ 54. Kh4 Kxg6 55. Rg4+ Kh6 56. Nf4 Bf1 57. Rg5 Kh7 58. Kg4 Rb4 59. Rg6
Be2+ 60. Kg3 a5 61. Re6 Bc4 62. Rc6 Bf1 63. Rc5 a4 64. Rh5+ Kg8 65. Ra5 Rb3+
66. Kg4 a3 67. Ra8+ Kh7 68. Ra7 Re3 69. Nh5 Be2+ 70. Kf4 Rf3+ 71. Ke5 Kh6 72.
Nxg7 Kg5 73. Ne6+ Kg4 74. Rg7+ Kh4 75. Nd4 Rf1 76. Ra7 1/2-1/2